Mechanics: (Record no. 146753)

MARC details
000 -LEADER
fixed length control field 00958nam a22002537a 4500
005 - DATE AND TIME OF LATEST TRANSACTION
control field 20171020163542.0
008 - FIXED-LENGTH DATA ELEMENTS--GENERAL INFORMATION
fixed length control field 171020b xxu||||| |||| 00| 0 eng d
010 ## - LCCN (DPL NO)
LC control number B-680564
020 ## - INTERNATIONAL STANDARD BOOK NUMBER
International Standard Book Number 9788121905992
Terms of availability 575.00
035 ## - SYSTEM CONTROL NUMBER
System control number B-680564
037 ## - SOURCE OF ACQUISITION
Source of stock number/acquisition Pansy Books
040 ## - CATALOGING SOURCE
Original cataloging agency dpl
Language of cataloging en
082 ## - DEWEY DECIMAL CLASSIFICATION NUMBER
Classification number 531
100 ## - MAIN ENTRY--PERSONAL NAME
Personal name Mathur, D.S.
245 ## - TITLE STATEMENT
Title Mechanics:
Statement of responsibility, etc for students of B.Sc.(pass and hons.)also useful for engineering students/
Remainder of title by D. S. Mathur; revised by P. S. Hemne
250 ## - EDITION STATEMENT
Edition statement 2016
260 ## - PUBLICATION, DISTRIBUTION, ETC. (IMPRINT)
Place of publication, distribution, etc New Delhi
Name of publisher, distributor, etc S. Chand
Date of publication, distribution, etc 2016
270 ## - ADDRESS
Address 7361, Ram Nagar
City New Delhi
Postal code 110055
300 ## - PHYSICAL DESCRIPTION
Extent xiii, 834p
Dimensions 24cm(pbk)
500 ## - GENERAL NOTE
General note Revised as per UGC Model Curriculum
700 ## - ADDED ENTRY--PERSONAL NAME
Dates associated with a name Hemne, P. S.
942 ## - ADDED ENTRY ELEMENTS (KOHA)
Source of classification or shelving scheme Dewey Decimal Classification
Item type English Books
Classification part 531
Call number suffix MAT
Holdings
Withdrawn status Lost status Source of classification or shelving scheme Damaged status Not for loan Collection code Home library Current library Date acquired Source of acquisition Cost, normal purchase price Total Checkouts Full call number Barcode Date last seen Copy number Cost, replacement price Koha item type
    Dewey Decimal Classification     Non-fiction Sarojini Nagar Sarojini Nagar 20/10/2017 Pansy Books/1664/25.8.17/DPL/ZLS/RP/2017-18/1/130/24.8.17/25.8.17 575.00   700.954 SIN B-680564 20/10/2017 1 575.00 English Books

© Delhi Public Library
Hit Counter
free hit counter